000
00430nam a2200145Ia 4500
008
100204s9999 xx 000 0 und d
082
_b
1427
100
_a
बर्वे गिरीष
245
_a
अरबी ललना
260
_b
"दिलिप प्रकाशन , मुंबई"
_c
1979
300
_a
203
630
_a
अरबी ललना
730
_a
अरबी ललना
942
_c
BOOK
999
_c
446589
_d
446586